[Event "AUTO-OPEN-4618"]
[Site "http://www.queenalice.com/game.php?id=1863925"]
[Date "2025.10.7"]
[Round "1"]
[White "Castling"]
[Black "alvm"]
[Result "0-1"]
[WhiteElo "1724"]
[BlackElo "2200"]

1. e4 c6 2. Nc3 d5 3. e5 Bf5 4. Nf3 e6 5. a3 Nd7 6. d4 c5 7. Bb5 Ne7 8. Bg5 h6
9. Bh4 Qc7 10. Bxd7+ Qxd7 11. h3 Nc6 12. Qd2 Be4 13. Nxe4 dxe4 14. Ng1 cxd4 15.
Bg3 Qd5 16. Ne2 Bc5 17. O-O Nxe5 18. Bxe5 Qxe5 19. Ng3 e3 20. Qd3 exf2+ 21. Rxf2
O-O 22. Ne4 Bb6 23. Re1 Qd5 24. c4 Qd7 25. Qg3 f5 26. c5 Bc7 27. Qg6 fxe4 28.
Rxf8+ Rxf8 29. Qxe4 Rf5 30. Qxe6+ Qxe6 31. Rxe6 Rxc5 32. Re2 d3 33. Rd2 Rd5 34.
b4 Bf4 35. Rd1 d2 36. Kf1 Kf7 37. Ke2 Re5+ 38. Kd3 Re1 39. Rxd2 Bxd2 40. Kxd2
Ra1 0-1

[Event "AUTO-OPEN-4618"]
[Site "http://www.queenalice.com/game.php?id=1863926"]
[Date "2025.10.7"]
[Round "1"]
[White "alvm"]
[Black "Castling"]
[Result "1-0"]
[WhiteElo "2191"]
[BlackElo "1738"]

1. d4 g6 2. c4 Bg7 3. Nc3 b6 4. e4 Bb7 5. Nf3 Nc6 6. Be3 Nf6 7. Bd3 Nb4 8. Bb1
e6 9. a3 Nc6 10. d5 Ne7 11. O-O Ng4 12. Bf4 e5 13. Bg3 d6 14. b4 Qd7 15. h3 Nf6
16. Bc2 O-O 17. c5 bxc5 18. bxc5 dxc5 19. Nxe5 Qe8 20. Nc4 Ba6 21. Bd3 Nd7 22.
Bxc7 Bxc3 23. Nd6 Bxd3 24. Nxe8 Bxf1 25. Rc1 Rfxe8 26. Rxc3 Bb5 27. Bf4 Rac8 28.
e5 Nf5 29. a4 Ba6 30. g4 Nh4 31. Bg5 Rxe5 32. Bxh4 Rce8 33. f4 Be2 34. Qd2 Re4
35. Bf2 Rb4 36. Bxc5 Rb1+ 37. Kh2 Nxc5 38. Rxc5 Bf3 39. d6 Re2+ 40. Qxe2 Bxe2
41. d7 Rd1 42. Rc8+ Kg7 43. d8=Q Rxd8 44. Rxd8 a6 45. Kg3 Bc4 46. a5 h6 47. h4
Be6 48. Rd6 Bc4 49. Kf3 Bb5 50. Ke4 Kf8 51. Ke5 Ke7 52. Rb6 Kf8 53. Rxb5 axb5
54. a6 1-0

[Event "AUTO-OPEN-4618"]
[Site "http://www.queenalice.com/game.php?id=1863950"]
[Date "2025.10.7"]
[Round "1"]
[White "maurice916"]
[Black "alvm"]
[Result "0-1"]
[WhiteElo "1947"]
[BlackElo "2206"]

1. Nf3 d5 2. b3 c5 3. Bb2 Nf6 4. e3 Nc6 5. Bb5 g6 6. Ne5 Qb6 7. Bxc6+ bxc6 8.
O-O Bg7 9. d4 O-O 10. Nd2 Bf5 11. a4 Rfd8 12. c4 Ne4 13. f4 cxd4 14. exd4 dxc4
15. Ndxc4 Qc7 16. g4 Be6 17. Qe2 Bd5 18. Qd3 Bxc4 19. Qxc4 e6 20. Rad1 c5 21.
Rfe1 Nd6 22. Qc3 Rac8 23. Qf3 cxd4 24. Bxd4 a5 25. Re2 f5 26. gxf5 exf5 27. Qd5+
Nf7 28. Qxf7+ Qxf7 29. Nxf7 Kxf7 30. Red2 Re8 31. Bxg7 Kxg7 32. Rd5 Rc3 33. Rb5
Re4 34. Rf1 Re2 35. Rxa5 Rxb3 36. Ra7+ Kh6 37. Rf2 Re1+ 38. Kg2 Ra1 39. a5 Rba3
40. a6 Rxa6 41. Rxa6 Rxa6 42. Kg3 Ra3+ 43. Kg2 Kh5 44. Rf3 Rxf3 45. Kxf3 Kh4 46.
Ke3 Kg4 47. h3+ Kxh3 48. Kf3 h5 49. Kf2 Kg4 0-1

[Event "AUTO-MASTER-3284"]
[Site "http://www.queenalice.com/game.php?id=1864073"]
[Date "2025.10.10"]
[Round "1"]
[White "alvm"]
[Black "gomezeta"]
[Result "1-0"]
[WhiteElo "2205"]
[BlackElo "2100"]

1. d4 Nf6 2. c4 e6 3. Nf3 b6 4. Nc3 Bb4 5. a3 Bxc3+ 6. bxc3 h6 7. a4 Bb7 8. Ba3
d6 9. e3 Nbd7 10. Bd3 O-O 11. O-O 1-0

[Event "AUTO-MASTER-3284"]
[Site "http://www.queenalice.com/game.php?id=1864074"]
[Date "2025.10.10"]
[Round "1"]
[White "gomezeta"]
[Black "alvm"]
[Result "0-1"]
[WhiteElo "2088"]
[BlackElo "2214"]

1. e4 c6 2. d4 d5 3. e5 Bf5 4. Nc3 e6 5. g4 Bg6 6. Nge2 c5 7. h4 h5 8. Nf4 cxd4
9. Nxg6 fxg6 10. Qxd4 Nc6 0-1

[Event "AUTO-MASTER-3284"]
[Site "http://www.queenalice.com/game.php?id=1864075"]
[Date "2025.10.10"]
[Round "1"]
[White "alvm"]
[Black "Pin"]
[Result "1/2-1/2"]
[WhiteElo "2210"]
[BlackElo "2067"]

1. d4 Nf6 2. c4 g6 3. Nc3 d5 4. Nf3 Bg7 5. Bf4 a6 6. e3 O-O 7. Rc1 c5 8. cxd5
Nxd5 9. Nxd5 Qxd5 10. Bc4 Qh5 11. Ne5 Qxd1+ 12. Rxd1 Nd7 13. Nxd7 Bxd7 14. dxc5
Bc6 15. O-O Bxb2 16. Rd2 Ba3 17. Bd5 Bxc5 18. Bxc6 bxc6 19. Rc2 Bb4 20. Rxc6 a5
21. Rfc1 e6 22. h4 Kg7 23. e4 Rad8 24. h5 h6 25. Be5+ Kg8 26. hxg6 f6 27. Bf4
Kg7 28. Rxe6 Kxg6 29. e5 Kf5 30. Rb6 Kxf4 31. exf6 Rd6 32. Rc4+ Kf5 33. Rb5+
Kxf6 34. Rf4+ Kg7 35. Rb7+ Kg6 36. Rbxb4 Rd1+ 37. Kh2 axb4 38. Rxf8 Rd2 39. Rb8
Rxf2 40. Rxb4 Rxa2 41. Rb5 1/2-1/2

[Event "AUTO-MASTER-3284"]
[Site "http://www.queenalice.com/game.php?id=1864076"]
[Date "2025.10.10"]
[Round "1"]
[White "Pin"]
[Black "alvm"]
[Result "0-1"]
[WhiteElo "2078"]
[BlackElo "2202"]

1. d4 Nf6 2. c4 e6 3. Nf3 Bb4+ 4. Bd2 Qe7 5. Nc3 O-O 6. e3 b6 7. Bd3 Bb7 8. O-O
d6 9. a3 Bxc3 10. Bxc3 Nbd7 11. Re1 e5 12. e4 h6 13. dxe5 dxe5 14. b3 Rad8 15.
Qe2 Nc5 16. Bc2 Nfxe4 17. Bxe5 f6 18. Bg3 Rfe8 19. Nd2 Qd7 20. Nxe4 Nxe4 21.
Bxe4 Rxe4 22. Qc2 Rxe1+ 23. Rxe1 Qc6 24. f3 Qc5+ 25. Bf2 Qxa3 26. h3 Qb4 27. Re2
a5 28. Be1 Qc5+ 29. Bf2 Qg5 30. Kh1 Qf4 31. c5 bxc5 32. Qxc5 Rd1+ 33. Bg1 Qd6
34. Re8+ Kh7 35. Qc2+ Qd3 36. Qxd3+ Rxd3 37. Re7 Rxb3 38. Rxc7 a4 39. Rc1 a3 40.
Bd4 a2 41. Kh2 Rb1 0-1

[Event "AUTO-OPEN-4593"]
[Site "http://www.queenalice.com/game.php?id=1865127"]
[Date "2025.11.4"]
[Round "2"]
[White "alvm"]
[Black "CCapivara"]
[Result "0-1"]
[WhiteElo "2210"]
[BlackElo "2262"]

1. d4 d6 2. c4 Nf6 3. Nc3 c6 4. e4 Qc7 5. Nf3 Bg4 6. Be2 e5 7. Be3 Nbd7 8. h3
Bh5 9. g4 Bg6 10. Bd3 Be7 11. Qd2 O-O 12. O-O-O d5 13. cxd5 cxd5 14. dxe5 Nxe4
15. Qc2 Nxc3 16. Qxc3 Qd8 17. Kb1 Rc8 18. Qd2 Bc5 19. Bxg6 hxg6 20. Qxd5 Bxe3
21. fxe3 Nb6 22. Qxb7 Qe8 23. Qxa7 Nc4 24. h4 Ra8 25. Qc5 Qa4 26. a3 Rfb8 27.
Rd2 Nxa3+ 28. Kc1 Rc8 0-1

[Event "AUTO-OPEN-4593"]
[Site "http://www.queenalice.com/game.php?id=1865128"]
[Date "2025.11.4"]
[Round "2"]
[White "CCapivara"]
[Black "alvm"]
[Result "1-0"]
[WhiteElo "2224"]
[BlackElo "2222"]

1. e4 c6 2. d4 d5 3. exd5 cxd5 4. Nf3 Nc6 5. Bd3 Nf6 6. O-O Bg4 7. c3 e6 8. Bg5
Be7 9. Nbd2 h6 10. Bh4 O-O 11. Qa4 a6 12. Ne5 Bh5 13. h3 Nxe5 14. dxe5 Nd7 15.
Bxe7 Qxe7 16. Rae1 Nc5 17. Qc2 Nxd3 18. Qxd3 Bg6 19. Qg3 Rfd8 20. Nb3 Rac8 21.
Nd4 b5 22. f4 b4 23. f5 exf5 24. e6 bxc3 25. bxc3 Rd6 26. exf7+ Bxf7 27. Rxe7
1-0

[Event "AUTO-MASTER-3272"]
[Site "http://www.queenalice.com/game.php?id=1865951"]
[Date "2025.11.21"]
[Round "2"]
[White "alvm"]
[Black "cerenzo72"]
[Result "0-1"]
[WhiteElo "2215"]
[BlackElo "2176"]

1. d4 Nf6 2. c4 e6 3. Nf3 Nc6 4. Nc3 Bb4 5. Bg5 h6 6. Bh4 g5 7. Bg3 Ne4 8. Qc2
Nxg3 9. hxg3 d6 10. e3 Bd7 11. Bd3 f5 12. O-O-O Qf6 13. Ne2 O-O-O 14. a3 Ba5 15.
b4 Bb6 16. c5 dxc5 17. dxc5 Qa1+ 18. Kd2 Qxa3 19. cxb6 Qxb4+ 20. Nc3 Qxb6 21.
Ke2 Nb4 22. Qb3 Nxd3 23. Qxb6 cxb6 24. Rxd3 Bc6 25. Rxd8+ Kxd8 26. Nxg5 Bxg2 27.
Rh2 Ke7 28. Nh3 Bc6 29. Nf4 Kf6 30. Kd3 a5 31. e4 b5 32. Rh1 a4 33. exf5 Bxh1
0-1

[Event "AUTO-MASTER-3272"]
[Site "http://www.queenalice.com/game.php?id=1865954"]
[Date "2025.11.21"]
[Round "2"]
[White "alvm"]
[Black "CCapivara"]
[Result "0-1"]
[WhiteElo "2225"]
[BlackElo "2298"]

1. d4 d6 2. c4 Nf6 3. Nc3 c6 4. e4 Qa5 5. Bd2 Qb6 6. e5 dxe5 7. dxe5 Ng4 8. Qf3
Nxe5 9. Qf4 Ng6 10. Qe4 Qxb2 11. Rb1 Qa3 12. Nf3 e6 13. Rb3 Qc5 14. Be2 Be7 15.
O-O O-O 16. Rd1 Nd7 17. Be3 Qa5 18. g3 Nc5 19. Bxc5 Bxc5 20. h4 Rd8 21. h5 Nf8
22. h6 Rxd1+ 23. Bxd1 Qc7 24. hxg7 Ng6 25. Bc2 Kxg7 26. Nh4 Qxg3+ 27. Ng2 Qxf2+
28. Kh1 Qg1# 0-1

[Event "AUTO-OPEN-4626"]
[Site "http://www.queenalice.com/game.php?id=1866067"]
[Date "2025.11.24"]
[Round "1"]
[White "alvm"]
[Black "TammieM3ENF"]
[Result "1-0"]
[WhiteElo "2201"]
[BlackElo "1385"]

1. d4 d5 2. c4 dxc4 3. Nf3 c3 4. Nxc3 e6 5. e4 f5 6. exf5 exf5 7. Bc4 g5 8. Bxg5
Be7 9. Qe2 c6 10. O-O h6 11. Bxe7 Nxe7 12. Rfe1 Rh7 13. Ne5 c5 14. Qh5+ Ng6 15.
Qxg6+ Rf7 16. Qxf7# 1-0

[Event "AUTO-OPEN-4626"]
[Site "http://www.queenalice.com/game.php?id=1866068"]
[Date "2025.11.24"]
[Round "1"]
[White "TammieM3ENF"]
[Black "alvm"]
[Result "0-1"]
[WhiteElo "1383"]
[BlackElo "2210"]

1. d4 Nf6 2. e3 d5 3. e4 Nxe4 4. f3 Nf6 5. c3 Nc6 6. f4 Bf5 7. b4 e6 8. a4 Bd6
9. b5 Ne7 10. g4 Bxg4 11. Be2 Bxe2 12. Nxe2 Nf5 13. c4 dxc4 14. d5 exd5 15. a5
Ne4 16. b6 axb6 17. a6 bxa6 18. h3 Qh4+ 19. Ng3 Qxg3+ 20. Ke2 Qf2# 0-1

[Event "AUTO-OPEN-4626"]
[Site "http://www.queenalice.com/game.php?id=1866071"]
[Date "2025.11.24"]
[Round "1"]
[White "alvm"]
[Black "IranSilva"]
[Result "1-0"]
[WhiteElo "2211"]
[BlackElo "2285"]

1. d4 d5 2. c4 c6 3. Nc3 Bf5 4. Nf3 e6 5. cxd5 cxd5 6. Bf4 a6 7. e3 Nc6 8. Rc1
Nf6 9. Bd3 Ne4 10. O-O Bd6 11. Bxd6 Qxd6 12. Nh4 O-O 13. Nxf5 exf5 14. f3 Nxc3
15. bxc3 g6 16. e4 fxe4 17. fxe4 dxe4 18. Bxe4 Rae8 19. Bc2 Qa3 20. Bb3 Rc8 21.
Qf3 Rc7 22. h4 Nxd4 23. cxd4 Rxc1 24. Bxf7+ Rxf7 25. Qxf7+ Kh8 26. Qf6+ Kg8 27.
Qe6+ Kg7 28. Qf7+ 1-0

[Event "AUTO-OPEN-4626"]
[Site "http://www.queenalice.com/game.php?id=1866072"]
[Date "2025.11.24"]
[Round "1"]
[White "IranSilva"]
[Black "alvm"]
[Result "1-0"]
[WhiteElo "2251"]
[BlackElo "2201"]

1. Nf3 Nf6 2. g3 g6 3. Bg2 d5 4. d4 Bg7 5. Bf4 O-O 6. e3 Bg4 7. h3 Bxf3 8. Bxf3
c5 9. c3 cxd4 10. cxd4 Nc6 11. Nc3 e6 12. O-O Qd7 13. Bg2 Rac8 14. Qa4 a6 15.
Rac1 Nh5 16. b4 Nxf4 17. gxf4 Rfd8 18. b5 axb5 19. Nxb5 Ra8 20. Qb3 Na5 21. Qb1
Nc4 22. Rfd1 Ra5 23. Nc3 b5 24. e4 dxe4 25. Nxe4 Qa7 26. Nc3 Bxd4 27. Nxb5 Bxf2+
28. Kh2 Qb6 29. Rxd8+ Qxd8 30. Rxc4 Qh4 31. Qb3 h5 32. Rc8+ Kh7 33. Qc3 f6 34.
Qc7+ 1-0

[Event "AUTO-OPEN-4581"]
[Site "http://www.queenalice.com/game.php?id=1866480"]
[Date "2025.12.3"]
[Round "3"]
[White "beteljeuxe"]
[Black "alvm"]
[Result "1-0"]
[WhiteElo "2552"]
[BlackElo "2202"]

1. e4 c6 2. d4 d5 3. e5 Bf5 4. Nf3 e6 5. Be2 c5 6. Be3 Nc6 7. dxc5 Qc7 8. c3 a5
9. Na3 Nxe5 10. Nxe5 Qxe5 11. Qa4+ Kd8 12. Nc4 dxc4 13. O-O-O+ Ke7 14. Bg5+ 1-0